Condensate Well Corrosion /

Bibliographic Details
Corporate Author: Natural Gasoline Association of America. Condensate Well Corrosion Committee
Format: Book
Language:English
Published: Tulsa, Okla. : Natural Gasoline Association of America, 1953.
Subjects:

MARC

Tag First Indicator Second Indicator Subfields
LEADER 00000cam a2200000 i 4500
001 in00000016164
005 20151007052711.0
008 800321s1953 okua b 00010 eng d
035 |a (OCoLC)06114043 
035 |9 AAA8850AM 
040 |a OKE  |c OKE  |d TXA  |d UtOrBLW 
049 |a TXAM  |c [A10997905] 
050 4 |a TN871  |b .N25 1953 
110 2 |a Natural Gasoline Association of America.  |b Condensate Well Corrosion Committee. 
245 1 0 |a Condensate Well Corrosion /  |c by the NGAA Condensate Well Corrosion Committee. 
264 1 |a Tulsa, Okla. :  |b Natural Gasoline Association of America,  |c 1953. 
300 |a vii, 203 pages :  |b illustrations ;  |c 24 cm. 
336 |a text  |b txt  |2 rdacontent 
337 |a unmediated  |b n  |2 rdamedia 
338 |a volume  |b nc  |2 rdacarrier 
504 |a Includes bibliographies. 
650 0 |a Condensate oil wells. 
650 0 |a Corrosion and anti-corrosives. 
999 |a MARS 
999 f f |s 1c0d8e13-c065-37df-99a8-ce883e12001f  |i b3d2b961-94e0-3c97-9d0e-39206c0c32bc  |t 0 
952 f f |p ric  |a Texas A&M University  |b Rellis Campus  |c Joint Library Facility  |d Remote Storage  |t 0  |e TN871 .N25 1953  |h Library of Congress classification  |i unmediated -- volume  |m A14810997905 
998 f f |a TN871 .N25 1953  |t 0  |l Remote Storage